00341nam a2200121Ia 4500008004100000041000800041082001600049100002300065245004500088260005100133300002400184365001100208240624s9999 xx 000 0 und d aeng a658.314 HAL aHALLOWELL EDWARD M aSHINE USING BRAIN SCIENCE TO GET THE BES c2010aNew DelhibHarvard Business Review Press a197 : p. : cm. ; 22 cRSb25